| 000 | 00955nas a2200301 4500 | ||
|---|---|---|---|
| 001 | BR2017000722 | ||
| 003 | BR-BrBNA | ||
| 005 | 20231205130848.0 | ||
| 007 | ta | ||
| 008 | 230509b bl.|||p| |||| 00| 00por d | ||
| 040 |
_aBR-BrBNA _bpor _cBiblioteca Nacional de Agricultura |
||
| 041 | _a(Pt) | ||
| 072 | _aT01; P33 | ||
| 100 | 1 | _aPoggere, G.C. | |
| 100 | 1 | _aMelo, V. de F. | |
| 100 | 1 | _aFrancelino, M.R. | |
| 100 | 1 | _aSimas, F.N.B. | |
| 100 | 1 | _aSchaefer, C.E.G.R. | |
| 245 | 1 | _aAdsorção de arsenato (HAsO4 2-)pela fração argila de solos das penínsulas Keller e Barton, ilha Rei George, Antártica Marítima | |
| 650 | _aANÁLISE QUÍMICA | ||
| 650 | _aSOLO | ||
| 650 | _aMETAL PESADO | ||
| 650 | _aMEIO AMBIENTE | ||
| 650 | _aPOLUIÇÃO | ||
| 773 | 0 |
_tRevista Ciência Agronômica (Brazil) _xISSN 0045-6888 _g(Jan-Mar 2017), v. 48(1) p. 13-21 _wBR2017000722 |
|
| 909 |
_a202311 _bLúcia _c55 _dLúcia Elande |
||
| 942 |
_2AGRIS _n0 _cANA |
||
| 999 |
_c251710 _d251710 |
||